00591cam a22001817a 4500003000400000005001700004008004100021017004500062020001800107040001400125100003300139245010300172260003800275300002000313504002800333650002500361650002300386OSt20160426133140.0160426s2015 spc|||||| |00| ||spa|d aDL B 23819-2015bBiblioteca de Catalunya a9788491160380 bcatcCDMR1 aNoguera Vivo, José Manuel 10aTodos, todo b: manual de periodismo, participación y tecnología cJosé Manuel Noguera Vivo  aBarcelona :bEditorial UOC,c2015 a136 p. ;c22 cm aBibliografia p. 135-136 4aPeriodisme ciutadà 4aPeriodisme digital